[Event "Steinfurt Bezirksliga 1011"]
[Site "Germany"]
[Date "2011.03.26"]
[Round "7.6"]
[White "Merschkoetter, Peter"]
[Black "Limberg, Rudolf"]
[Result "1-0"]
[WhiteElo "1612"]
[BlackElo "1484"]
[PlyCount "73"]
[EventDate "2010.10.02"]
[EventType "team-tourn"]
[EventRounds "9"]
[EventCountry "GER"]
[SourceTitle "EXT 2012"]
[Source "ChessBase"]
[SourceDate "2011.11.24"]
[SourceVersion "1"]
[SourceVersionDate "2011.11.24"]
[SourceQuality "1"]
[WhiteTeam "Reckenfeld"]
[BlackTeam "Rheine SG"]
[WhiteTeamCountry "GER"]
[BlackTeamCountry "GER"]

1. e4 e5 2. Nf3 Nc6 3. Bb5 d6 4. 0-0 Bd7 5. c3 Nf6 6. Re1 Be7 7. d4 0-0 8. Bg5 h6 9. Bh4 a6 10. Ba4 Bg4 11. Bxc6 bxc6 12. dxe5 Bxf3 13. Qxf3 dxe5 14. Rd1 Qe8 15. Nd2 Nh7 16. Bg3 Ng5 17. Qe2 Bd6 18. h4 Ne6 19. Nc4 Qe7 20. Rd2 f6 21. Rad1 Rfd8 22. Na5 Qe8 23. Qc4 c5 24. Nb7 Rd7 25. Nxd6 cxd6 26. Rxd6 Re7 27. Rxa6 Rxa6 28. Qxa6 Nc7 29. Qc4+ Kf8 30. Qxc5 Qa4 31. Rd8+ Kf7 32. Qd6 Ne8 33. Qd5+ Kf8 34. f3 g6 35. Bf2 Kg7 36. Bc5 Rf7 37. Ra8 1-0

[Event "Steinfurt Bezirksliga 1011"]
[Site "Germany"]
[Date "2011.03.05"]
[Round "6.7"]
[White "Koelking, Helmut"]
[Black "Limberg, Rudolf"]
[Result "1/2-1/2"]
[WhiteElo "1319"]
[BlackElo "1484"]
[PlyCount "49"]
[EventDate "2010.10.02"]
[EventType "team-tourn"]
[EventRounds "9"]
[EventCountry "GER"]
[SourceTitle "EXT 2012"]
[Source "ChessBase"]
[SourceDate "2011.11.24"]
[SourceVersion "1"]
[SourceVersionDate "2011.11.24"]
[SourceQuality "1"]
[WhiteTeam "Steinfurt III"]
[BlackTeam "Rheine SG"]
[WhiteTeamCountry "GER"]
[BlackTeamCountry "GER"]

1. d4 d5 2. c4 dxc4 3. e4 e6 4. Bxc4 Nc6 5. Nf3 a6 6. Nc3 Bb4 7. 0-0 h6 8. a3 Ba5 9. Be3 Nge7 10. Qc2 0-0 11. Rac1 f5 12. exf5 Nxf5 13. Rfe1 Qf6 14. d5 exd5 15. Bxd5+ Kh8 16. b4 Nxe3 17. Rxe3 Bb6 18. Ne4 Qg6 19. Nc5 Qxc2 20. Rxc2 Bf5 21. Rce2 Bg4 22. h3 Bxf3 23. Bxf3 Nd4 24. Re1 Nxf3+ 25. Rxf3 1/2-1/2

[Event "Steinfurt Bezirksliga 1011"]
[Site "Germany"]
[Date "2010.10.02"]
[Round "1.8"]
[White "Limberg, Rudolf"]
[Black "Gildehaus, Simon"]
[Result "0-1"]
[WhiteElo "1484"]
[BlackElo "1571"]
[PlyCount "108"]
[EventDate "2010.10.02"]
[EventType "team-tourn"]
[EventRounds "9"]
[EventCountry "GER"]
[SourceTitle "EXT 2012"]
[Source "ChessBase"]
[SourceDate "2011.11.24"]
[SourceVersion "1"]
[SourceVersionDate "2011.11.24"]
[SourceQuality "1"]
[WhiteTeam "Rheine SG"]
[BlackTeam "Saerbeck II"]
[WhiteTeamCountry "GER"]
[BlackTeamCountry "GER"]

1. Nf3 c5 2. e4 d6 3. Nc3 Nf6 4. Bc4 Bg4 5. h3 Bh5 6. g4 Bg6 7. d3 e6 8. e5 dxe5 9. Nxe5 Be7 10. Qf3 Qc8 11. Bf4 0-0 12. h4 h6 13. Nxg6 fxg6 14. Qe3 Qc6 15. 0-0-0 Kh7 16. Rdg1 Nbd7 17. g5 Nh5 18. Bh2 e5 19. Bd5 Qb6 20. gxh6 gxh6 21. Qe4 Nf4 22. Bxf4 Rxf4 23. Qg2 Rxh4 24. Rxh4 Bxh4 25. Qg4 Bg5+ 26. Kb1 Nf6 27. Qh3 Kg7 28. Bc4 Rd8 29. Qg3 Re8 30. Qh3 a6 31. Nd5 Qd6 32. Nxf6 Qxf6 33. Bd5 b6 34. f3 Bf4 35. Be4 g5 36. Qh5 Re7 37. Qg4 Qe6 38. Qh5 Qf7 39. Qg4 Qe6 40. Bf5 Qf7 41. c3 Re8 42. d4 cxd4 43. cxd4 Be3 44. Rd1 exd4 45. Be4 Qe6 46. Qh5 g4 47. Bf5 Qe5 48. Qg6+ Kf8 49. fxg4 Re7 50. Rf1 Rf7 51. Qxb6 h5 52. Rh1 Rxf5 53. Qd8+ Kg7 54. gxf5 Qe4+ 0-1

[Event "Steinfurt Bezirksklasse 0809"]
[Site "Germany"]
[Date "2008.11.08"]
[Round "2.6"]
[White "Limberg, Rudolf"]
[Black "Roos, Philipp"]
[Result "0-1"]
[WhiteElo "1501"]
[BlackElo "1309"]
[PlyCount "56"]
[EventDate "2008.09.13"]
[EventType "team-tourn"]
[EventRounds "7"]
[EventCountry "GER"]
[SourceTitle "EXT 2010"]
[Source "ChessBase"]
[SourceDate "2010.11.25"]
[SourceVersion "1"]
[SourceVersionDate "2010.11.25"]
[SourceQuality "1"]
[WhiteTeam "Rheine SG"]
[BlackTeam "Saerbeck III"]
[WhiteTeamCountry "GER"]
[BlackTeamCountry "GER"]

1. Nf3 d5 2. d4 c5 3. dxc5 Nc6 4. c3 g6 5. e3 Bg4 6. Be2 Bg7 7. h3 Bf5 8. Nd4 Nxd4 9. cxd4 a6 10. Nc3 Nf6 11. Bf3 0-0 12. Qb3 Rb8 13. Nxd5 Nxd5 14. Bxd5 e6 15. Bxb7 Be4 16. 0-0 Rxb7 17. Qc3 Qg5 18. f3 Bc6 19. e4 Qd8 20. Be3 Qb8 21. Rf2 Rd8 22. a4 Rb4 23. Rd2 Rb3 24. Qa5 Rxe3 25. Qxa6 Bxd4 26. Rxd4 Rxd4 27. Qxc6 Red3 28. a5 Qg3 0-1

[Event "Steinfurt Bezirksliga 0708"]
[Site "Germany"]
[Date "2008.04.19"]
[Round "8.6"]
[White "Limberg, Rudolf"]
[Black "Von Gorissen, Rolf Ruediger"]
[Result "1-0"]
[WhiteElo "1487"]
[BlackElo "1445"]
[PlyCount "87"]
[EventDate "2007.09.22"]
[EventType "team-tourn"]
[EventRounds "9"]
[EventCountry "GER"]
[SourceTitle "EXT 2009"]
[Source "ChessBase"]
[SourceDate "2008.11.26"]
[SourceVersion "1"]
[SourceVersionDate "2008.11.26"]
[SourceQuality "1"]
[WhiteTeam "Rheine SG"]
[BlackTeam "Steinfurt III"]
[WhiteTeamCountry "GER"]
[BlackTeamCountry "GER"]

1. Nf3 Nf6 2. d4 d5 3. c4 e6 4. Nc3 Be7 5. e3 0-0 6. cxd5 exd5 7. h3 Nbd7 8. Bd3 Re8 9. 0-0 Nf8 10. e4 dxe4 11. Nxe4 Nxe4 12. Bxe4 Bf6 13. Bc2 Be6 14. Qd3 Bd5 15. Nh2 Be4 16. Qb3 Bxc2 17. Qxc2 c6 18. Be3 Qd5 19. Nf3 Re4 20. Rfd1 Re7 21. b3 Rae8 22. Qd2 Ne6 23. Rac1 Rd7 24. Rc4 Rc8 25. Nh2 Bg5 26. Ng4 f6 27. f4 Bh4 28. Kh2 h5 29. Nf2 f5 30. Nd3 Bf6 31. Qe2 g6 32. Ne5 Bxe5 33. fxe5 Qe4 34. Qf2 Rf8 35. d5 Rxd5 36. Rxe4 Rxd1 37. Rc4 a6 38. Rc2 f4 39. Bb6 Ng5 40. Qe2 Rb1 41. Qc4+ Kh7 42. Rd2 f3 43. Kg3 fxg2 44. Kxg2 1-0

[Event "Steinfurt Bezirksliga 0708"]
[Site "Germany"]
[Date "2007.09.22"]
[Round "1.5"]
[White "Limberg, Rudolf"]
[Black "Pohlmeier, Ulrich"]
[Result "0-1"]
[WhiteElo "1487"]
[BlackElo "1565"]
[PlyCount "42"]
[EventDate "2007.09.22"]
[EventType "team-tourn"]
[EventRounds "9"]
[EventCountry "GER"]
[SourceTitle "EXT 2009"]
[Source "ChessBase"]
[SourceDate "2008.11.26"]
[SourceVersion "1"]
[SourceVersionDate "2008.11.26"]
[SourceQuality "1"]
[WhiteTeam "Rheine SG"]
[BlackTeam "Rheine Klein Berlin II"]
[WhiteTeamCountry "GER"]
[BlackTeamCountry "GER"]

1. Nf3 Nc6 2. d4 d5 3. c4 e6 4. Nc3 Nf6 5. Bg5 Be7 6. Bxf6 Bxf6 7. e3 0-0 8. cxd5 exd5 9. a3 Ne7 10. Bd3 c6 11. Qc2 h6 12. e4 dxe4 13. Bxe4 Bxd4 14. 0-0-0 c5 15. Nxd4 cxd4 16. Ne2 Qb6 17. Nxd4 Bg4 18. Kb1 Bxd1 19. Rxd1 Rac8 20. Qe2 Rfd8 21. Qd3 Nc6 0-1

[Event "Steinfurt Bezirksklasse 0607"]
[Site "Germany"]
[Date "2006.10.28"]
[Round "2.4"]
[White "Limberg, Rudolf"]
[Black "Krueler, Andreas"]
[Result "0-1"]
[WhiteElo "1532"]
[BlackElo "1401"]
[PlyCount "54"]
[EventDate "2006.09.30"]
[EventType "team-tourn"]
[EventRounds "7"]
[EventCountry "GER"]
[SourceTitle "EXT 2008"]
[Source "ChessBase"]
[SourceDate "2007.11.25"]
[SourceVersion "1"]
[SourceVersionDate "2007.11.25"]
[SourceQuality "1"]
[WhiteTeam "Rheine SG"]
[BlackTeam "Steinfurt IV"]
[WhiteTeamCountry "GER"]
[BlackTeamCountry "GER"]

1. Nf3 d5 2. d4 Bf5 3. c4 e6 4. Nc3 Nf6 5. Bg5 Be7 6. Bxf6 Bxf6 7. cxd5 exd5 8. Qb3 Be6 9. Qxb7 Nd7 10. Nxd5 0-0 11. Nxf6+ Nxf6 12. b3 Bd5 13. Qa6 Qe7 14. Qa5 Rfb8 15. Rc1 c6 16. Ne5 Qe8 17. f3 Nh5 18. e4 f6 19. Ng4 Be6 20. Qc5 Bxg4 21. fxg4 Qxe4+ 22. Kd2 Rd8 23. Rc4 Nf4 24. Rg1 Nd5 25. Rh1 Ne3 26. Bd3 Qxg2+ 27. Kxe3 Re8+ 0-1

[Event "Steinfurt Bezirksklasse 0405"]
[Site "Germany"]
[Date "2005.04.16"]
[Round "9.3"]
[White "Niedenzu, Gerhard"]
[Black "Limberg, Rudolf"]
[Result "1/2-1/2"]
[WhiteElo "1464"]
[BlackElo "1508"]
[PlyCount "96"]
[EventDate "2004.09.18"]
[EventType "team-tourn"]
[EventRounds "11"]
[EventCountry "GER"]
[SourceTitle "EXT 2006"]
[Source "ChessBase"]
[SourceDate "2005.11.24"]
[SourceVersion "1"]
[SourceVersionDate "2005.11.24"]
[SourceQuality "1"]
[WhiteTeam "Ibbenbueren III"]
[BlackTeam "Rheine SG"]
[WhiteTeamCountry "GER"]
[BlackTeamCountry "GER"]

1. e4 e5 2. Nf3 Nc6 3. Nc3 Nf6 4. Bc4 Be7 5. 0-0 d6 6. a3 Bg4 7. Be2 Qd7 8. d3 h6 9. Be3 a6 10. Re1 Rd8 11. d4 Bxf3 12. Bxf3 Nxd4 13. Bxd4 exd4 14. Qxd4 c6 15. e5 dxe5 16. Qxe5 Qd6 17. Qxd6 Rxd6 18. Re2 Kd7 19. Rae1 Bd8 20. Ne4 Nxe4 21. Bxe4 Kc7 22. Bd3 Bf6 23. b3 Rhd8 24. a4 a5 25. g3 Bc3 26. Rf1 Re6 27. Rxe6 fxe6 28. Kg2 g5 29. f3 e5 30. Rf2 Rf8 31. Be4 Kb6 32. Re2 Rd8 33. Bd3 Rf8 34. g4 Rf6 35. Re4 Rf8 36. h3 Rf6 37. Rc4 Bd2 38. Re4 Bc3 39. Kg3 Rf4 40. Rxf4 exf4+ 41. Kf2 Kc5 42. Ke2 Kd4 43. Be4 Bb4 44. Bf5 b6 45. Be4 c5 46. Bd3 Bc3 47. Bb5 Bb4 48. Bd3 Bc3 1/2-1/2

[Event "Steinfurt Bezirksklasse 0405"]
[Site "Germany"]
[Date "2005.03.12"]
[Round "8.3"]
[White "Limberg, Rudolf"]
[Black "Shefquet, Ademi"]
[Result "1-0"]
[WhiteElo "1508"]
[BlackElo "1562"]
[PlyCount "60"]
[EventDate "2004.09.18"]
[EventType "team-tourn"]
[EventRounds "11"]
[EventCountry "GER"]
[SourceTitle "EXT 2006"]
[Source "ChessBase"]
[SourceDate "2005.11.24"]
[SourceVersion "1"]
[SourceVersionDate "2005.11.24"]
[SourceQuality "1"]
[WhiteTeam "Rheine SG"]
[BlackTeam "Rheine CC"]
[WhiteTeamCountry "GER"]
[BlackTeamCountry "GER"]

1. Nf3 b6 2. e4 Bb7 3. Nc3 g6 4. d4 Bg7 5. Bf4 Nf6 6. Bd3 Nc6 7. Nb5 d6 8. a3 a6 9. Nc3 Nh5 10. Be3 e6 11. Qd2 h6 12. g4 Nf6 13. g5 Ng4 14. gxh6 Bxh6 15. Bxh6 Nxh6 16. Rg1 Qf6 17. Qe3 0-0-0 18. 0-0-0 Qg7 19. h4 f5 20. h5 Ng4 21. Qe2 Qh6+ 22. Kb1 Nb8 23. hxg6 Qxg6 24. d5 Rde8 25. Qd2 Qf6 26. exf5 exf5 27. Qf4 Ref8 28. Nd4 Nh6 29. Rde1 Nd7 30. Re6 Qg7 1-0

[Event "Steinfurt Bezirksklasse 0405"]
[Site "Germany"]
[Date "2005.01.29"]
[Round "6.3"]
[White "Limberg, Rudolf"]
[Black "Berken, Andre"]
[Result "1-0"]
[WhiteElo "1508"]
[BlackElo "1267"]
[PlyCount "113"]
[EventDate "2004.09.18"]
[EventType "team-tourn"]
[EventRounds "11"]
[EventCountry "GER"]
[SourceTitle "EXT 2006"]
[Source "ChessBase"]
[SourceDate "2005.11.24"]
[SourceVersion "1"]
[SourceVersionDate "2005.11.24"]
[SourceQuality "1"]
[WhiteTeam "Rheine SG"]
[BlackTeam "Nordwalde III"]
[WhiteTeamCountry "GER"]
[BlackTeamCountry "GER"]

1. Nf3 Nc6 2. d4 d5 3. c4 e6 4. Nc3 Nf6 5. c5 g6 6. Bf4 Bg7 7. Nb5 0-0 8. Nxc7 Rb8 9. Nb5 Ra8 10. Bd6 Qa5+ 11. Nc3 Rd8 12. Qd2 Ne4 13. Nxe4 Qxd2+ 14. Nexd2 Nxd4 15. Nxd4 Bxd4 16. Rb1 b6 17. e3 Bxc5 18. Bxc5 bxc5 19. b3 Bb7 20. Nf3 f6 21. Be2 e5 22. 0-0 Rac8 23. Rfd1 Rd6 24. Rbc1 a6 25. Rc2 a5 26. Rdc1 Rdc6 27. Ne1 e4 28. a3 R6c7 29. b4 axb4 30. axb4 c4 31. Rc3 Ba6 32. Nc2 Rb8 33. Ra1 Bc8 34. Rca3 Be6 35. Ra8 Rxa8 36. Rxa8+ Rc8 37. Ra7 Rb8 38. h3 h5 39. Nd4 Bf7 40. b5 Be8 41. Ra5 Kf8 42. Bd1 Ke7 43. Ba4 Kd6 44. Ra6+ Ke5 45. Nc6+ Bxc6 46. Rxc6 g5 47. Ra6 d4 48. exd4+ Kxd4 49. Rxf6 Kc5 50. Rf5+ Kb4 51. Bc2 Rxb5 52. Rxb5+ Kxb5 53. Bxe4 c3 54. Kf1 Kc4 55. Ke1 Kb3 56. Kd1 Kb2 57. g3 1-0

[Event "Steinfurt Bezirksliga 0304"]
[Site "Germany"]
[Date "2004.02.21"]
[Round "5.4"]
[White "Limberg, Rudolf"]
[Black "Roewekamp, Helmut"]
[Result "0-1"]
[WhiteElo "1479"]
[BlackElo "1580"]
[PlyCount "38"]
[EventDate "2003.10.18"]
[EventType "team-tourn"]
[EventRounds "9"]
[EventCountry "GER"]
[SourceTitle "EXT 2005"]
[Source "ChessBase"]
[SourceDate "2004.11.15"]
[SourceVersion "1"]
[SourceVersionDate "2004.11.15"]
[SourceQuality "1"]
[WhiteTeam "Rheine SG"]
[BlackTeam "Reckenfeld"]
[WhiteTeamCountry "GER"]
[BlackTeamCountry "GER"]

1. Nf3 Nf6 2. d4 d5 3. c4 dxc4 4. Nc3 e6 5. e4 Be7 6. Bxc4 0-0 7. e5 Nd5 8. Nxd5 exd5 9. Bd3 Nc6 10. a3 Bg4 11. Be3 f6 12. h3 Bxf3 13. gxf3 fxe5 14. Rc1 exd4 15. Bh6 Bf6 16. Qc2 Qe7+ 17. Kd2 Ne5 18. Bxh7+ Kh8 19. Bf4 Nxf3+ 0-1